000 00335nam a2200145Ia 4500
008 191201s1989 xx 000 0 und d
082 _a530
100 _aRAJPUT,BS
245 0 _aMathematical Physics
250 _a9th Rep
260 _aMeerut
_bPragati Prakashan Meerut
_c1989
300 _a1446
650 _aApplied
942 _2ddc
_cBK
999 _c567
_d567